[Event "Oravska Priehrada op"]
[Site "Namestovo"]
[Date "2017.08.26"]
[Round "3"]
[White "Kandalec, Stefan"]
[Black "Gyoni, Gergely"]
[Result "0-1"]
[WhiteElo "1688"]
[BlackElo "1190"]
[PlyCount "68"]
[EventDate "2017.08.25"]
[EventType "swiss"]
[EventRounds "7"]
[EventCountry "SVK"]
[SourceTitle "CBM 180 Extra"]
[Source "ChessBase"]
[SourceDate "2017.10.06"]
[SourceVersion "1"]
[SourceVersionDate "2017.10.06"]
[SourceQuality "1"]

1. e4 e5 2. Nf3 Nc6 3. c3 Nf6 4. Be2 Nxe4 5. 0-0 Nf6 6. d4 exd4 7. Nxd4 Bc5 8. Nxc6 bxc6 9. Bg5 0-0 10. Nd2 h6 11. Bh4 Be7 12. Bf3 Bb7 13. Qc2 Nd5 14. Bg3 Bh4 15. Ne4 Bxg3 16. hxg3 Nf6 17. Nc5 Rb8 18. Rad1 Qc8 19. Qa4 d6 20. Nb3 Ba6 21. Rfe1 Bb5 22. Qa3 Qb7 23. Na5 Qa6 24. b3 d5 25. b4 Rfe8 26. Qb2 Ba4 27. Rxe8+ Rxe8 28. Rd2 Re1+ 29. Kh2 Qf1 30. g4 Qh1+ 31. Kg3 g5 32. Be2 Qh4+ 33. Kf3 Qxg4+ 34. Ke3 Qe4# 0-1